00712 a2200217 4500003000700000005001700007008004100024020001800065040002500083041000800108050001600116100001800132245012500150260005700275300003600332336002800368337003000396338002700426650001900453650002200472CBULib20231025133537.0231025b |||||||| |||| 00| 0 eng d a9780299318444 bEnglishcCBULiberda aeng aHQ 1818 All aAllan, Joanna aSilenced resistance : women, dictatorships, and genderwashing in Western Sahara and Equatorial Guineac/ by Joanna Allan bThe University of Wisconsin Press, c2019aLondon :  axiv, 338 pages : illustrations  2rdacontentaText |btxt 2rdamediaaUnmediated |bn 2rdacarrieraVolumebnc 0aWESTERN SAHARA 0aEQUATORIAL GUINEA